00828nam a22002057a 4500003000900000008004100009020001800050040007100068082001900139110007100158245001900229260003900248300007300287440002100360505014200381650001300523650001500536650003700551700003400588AR-CdUCM190319b ||||| |||| 00| 0 eng d a9972-691-11-X aMUNICIPALIDAD PROVINCIAL DEL CUSCOcBIBLIOTECA MUNICIPAL DEL CUSCO a985.41 /bAL43 aCentre of Regional Studios of the Andes "Bartolomé de las Casas" aAll Arequipa / aBarcelona :bEscudo de Oro,c1998. a95 páginas ;bilustraciones a color, fotografías, mapas,c24 cm. aAll Arequipa.n2 aContenido: Department of Arequipa -- Visiting the city -- Musseums -- Visits to the areas surrounding Arequipa -- The valley of Colca ... aArequipa aCity tours aTradiciones, costumbres, turismo aValdés, Lidia (translation)